000 00652nam a2200217Ii 4500
003 JO-AjNU
008 230606s9999||||xx |||||||||||||| ||und||
020 _a978-1-260-57075-5
040 _aJO-AjNU
_beng
_erda
_cJO-AjNU
041 _aeng
050 1 4 _aQA76.5.C6172 2021
100 3 _aO, leary ,Timothy J, Lindal.O,Leary. Daniel A O.Leary,
_eauthor
_96354
245 0 0 _aComputing Essentials
250 _a2 ed
264 3 1 _aNew york: Mc Graw-Hill,2021
300 _a389p
336 _atext
_btxt
_2rdacontent
337 _aunmediated
_bn
_2rdamedia
338 _avolume
_bnc
_2rdacarrier
650 4 _aElectronic data processing-periodicals
_96355
999 _aE3295
_c3291
_d3291